Statistics for Top 15 Countries with Covid-19 Cases - 10 August

Click here to take the quiz!

General Stats

  • This quiz has been taken 16 times
  • The average score is 16 of 25

Answer Stats

country% Correct
United States
100%
Brazil
92%
United Kingdom
92%
India
85%
Russia
85%
South Africa
85%
Colombia
77%
Mexico
77%
Spain
77%
Chile
69%
Chile
69%
Peru
69%
Bahrain
62%
Iran
62%
Oman
62%
Pakistan
62%
Qatar
62%
Saudi Arabia
62%
Bangladesh
46%
Israel
46%
Kuwait
46%
Panama
46%
Sweden
46%
Armenia
31%
Singapore
23%

Score Distribution

Percentile by Number Answered

Percent of People with Each Score

Your Score History

You have not taken this quiz